00393nam a2200145Ia 4500003000900000008004100009040001600050080001500066100001800081245007300099260002800172300001500200650001400215700001800229IN-BaIIA211028s9999 xx 000 0 eng d cIIA Library a92:52bLOC aLockyer,T. M. 0aLife and work of Sir Norman LockyercLockyer T. M. and W. L. Lockyer aLondonbMacmillanc1928 axii,.474p. aBiography aW. L. Lockyer